000 01551cam a2200421Li 4500
001 99079
005 20230410115557.0
008 750101s1968 nyu 000 0 eng d
035 _a(OCoLC)ocn462882086
040 _aBDF
_bfre
_cBDF
_dZWZ
_dOCLCQ
015 _a57403621
_2bnf
016 7 _aFRBNF353820080000007
_2FrPBN
035 _a(OCoLC)462882086
050 1 4 _aHF 1411
_bC778e 1968
082 0 0 _a338.91
100 1 _aCooper, Richard N.
245 1 4 _aThe Economics of interdependence :
_beconomic policy in the Atlantic community /
_cRichard N. Cooper.
260 _aNew York :
_bPublished for the Council on Foreign Relations by McGraw-Hill,
_c1968.
300 _axiv, 302 p. :
_bill. ;
_c21 cm.
440 4 _aThe Atlantic policy studies
500 _aIndex.
650 0 _aInternational economic relations.
650 0 _aInternational finance.
650 0 _aCommercial policy.
650 4 _aEconomía internacional.
651 4 _aEstados Unidos
_xRelaciones exteriores.
650 7 _aRelations économiques internationales.
_2ram
650 7 _aFinances internationales.
_2ram
710 2 _aCouncil on Foreign Relations.
856 4 2 _3Notice et cote du catalogue de la Bibliotháeque nationale de France
_uhttp://catalogue.bnf.fr/ark:/12148/cb35382008g
886 1 _a009
_bax-x---------------
_2intermrc
886 2 _a917
_b--
_oOPL
_a012134904
_2intermrc
886 2 _a918
_b--
_oOPL
_a00019157
_bMON011
_2intermrc
886 2 _a919
_b--
_pFR
_oNCG
_aF2201410000
_2intermrc
942 _2lcc
_cbk
946 _aCV
994 _aC0
_bDRFGD
999 _c43944
_d43944